| 000 | 01853cam a22004694i 4500 | ||
|---|---|---|---|
| 003 | PE-LiUPU | ||
| 005 | 20250731173402.0 | ||
| 008 | 1999 flua r spa | ||
| 020 | _a0938127373 | ||
| 035 | _a(Sirsi) i9780938127376 | ||
| 035 | _a(Sirsi) 45529 | ||
| 035 | _a(Sirsi) 45529 | ||
| 082 | 0 | 4 |
_a220.64 _bB72 |
| 100 | 1 | _aBonilla, David | |
| 245 |
_aManual del tabernáculo / _cDavid Bonilla. |
||
| 264 | 1 |
_aMiami, Florida : _bGospel Press/Senda de Vida, _c1999 |
|
| 300 |
_a221 páginas : _bilustraciones ; _c21 centímetros |
||
| 336 |
_atext _2rdacontent |
||
| 337 |
_aunmediated _2rdamedia |
||
| 338 |
_avolume _2rdacarrier |
||
| 505 | 0 | _aEl campamento y la orden sacerdotal -- El Sacerdocio y sus vestiduras -- Sacerdotes -- La vestimenta -- Vestimenta de los hijos de Aarón o sacerdote -- Consagración del sacerdote. | |
| 526 | _aSEG42 | ||
| 526 | _aSEG41 | ||
| 526 | _aSEG40 | ||
| 526 | _aSEG39 | ||
| 526 | _aP94 | ||
| 526 | _aP87 | ||
| 526 | _aP86 | ||
| 526 | _aP85 | ||
| 526 | _aP77 | ||
| 526 | _aP76 | ||
| 526 | _aP35 | ||
| 650 | 1 | 4 |
_aTabernáculo _vManuales |
| 942 |
_2ddc _cBOOK |
||
| 949 |
_a220.64 B72 _i63084 _lCCODEBUL1 _mBUL _tLIBRO _o.STAFF. Colección Teología |
||
| 859 |
_q63084 _h220.64 _iB72 |
||
| 910 |
_agl _bjv _clch _d20111030 |
||
| 596 | _a1 | ||
| 999 |
_a220.64 B72 _wDEWEY _c52100 _i63912 _d52100 _e2017-10-30 _f2021-11-9 _g5 _lCCODEBUL1 _mBUL _n1 _p14.00 _q1 _r0 _sY _tBOOK _u2015-7-6 _xTEOLOGIA _PP35 _0COMPRA _o.STAFF. Colección Teología |
||
| 999 |
_a220.64 B72 _wDEWEY _c2 _i63084 _d2017-11-13 _e2017-10-31 _f2021-11-9 _g5 _lCCODEBUL1 _mBUL _n4 _p14.00 _q2 _r0 _sY _tBOOK _u2015-7-6 _xTEOLOGIA _PP35 _0COMPRA _o.STAFF. Colección Teología |
||
| 980 |
_81 _gALBERTO SANCHEZ Responsable de Automatización |
||